000 00302nam a22001097a 4500
008 170120b xxu||||| |||| 00| 0 eng d
020 _a9780721606149
041 _aeng
080 _25th
_a618.2
245 _aCRITICAL THINKING STUDY GUIDE/ MEDICAL-SURGICAL NURSING
_cIGNATAICIUS & WORKMAN
942 _2udc
_cBK
999 _c3236
_d3236